[Event "August Open"]
[Site "Cambre ESP"]
[Date "2006.08.15"]
[Round "6"]
[White "Larrosa Vila,Jo"]
[Black "Palencia,W"]
[Result "1-0"]
[WhiteElo "2263"]
[BlackElo "2329"]

1.d4 Nf6 2.c4 g6 3.Nc3 Bg7 4.e4 d6 5.Nf3 O-O 6.Be2 Nc6 7.O-O e5 8.d5 Ne7
9.b4 Ne8 10.c5 f5 11.Ng5 fxe4 12.Bc4 Nf6 13.Ngxe4 Nxe4 14.Nxe4 Bf5 15.f3 h6
16.Be3 Bxe4 17.fxe4 Kh7 18.Qg4 Ng8 19.Rxf8 Qxf8 20.Rf1 Qe7 21.g3 Rf8 22.Qe6 Rxf1+
23.Kxf1 Qxe6 24.dxe6 Bf8 25.c6 bxc6 26.Bxa7 d5 27.exd5 cxd5 28.Bxd5 Bxb4
29.Ke2 Ne7 30.Bc4 Kg7 31.Be3 Nf5 32.Bd2 Nd4+ 33.Kd3 Ba3 34.Ke4 Kf6 35.Bxh6 Nxe6
36.Bxe6 Kxe6 37.Bd2 c5 38.Bc3 g5 39.h4 gxh4 40.gxh4 c4 41.Bxe5 Bc1 42.Bc3 Ba3
43.Kd4 Kd6 44.Kxc4 Kc6 45.h5 Bc1 46.Bd4 Bf4 47.a4 Bd2 48.a5 Kb7 49.Kb5 Bc1
50.a6+ Ka8 51.Kc6 Bd2 52.Kd5 Bc1 53.Ke4 Bh6 54.Be3 Bg7 55.Kf5 Kb8 56.Kg6  1-0

[Event "Jch-EST"]
[Site "Narva Joesuu EST"]
[Date "2006.08.15"]
[Round "1"]
[White "Kunitson,N"]
[Black "Vovk,I"]
[Result "0-1"]
[WhiteElo "2074"]
[BlackElo "2236"]

1.Nf3 Nf6 2.c4 g6 3.Nc3 Bg7 4.d4 O-O 5.e4 d6 6.Be2 e5 7.O-O Nc6 8.d5 Ne7
9.Ne1 Nd7 10.Nc2 f5 11.exf5 Nxf5 12.Ne4 Kh8 13.Bd3 Nc5 14.b4 Nxd3 15.Qxd3 a5
16.a3 axb4 17.axb4 Rxa1 18.Nxa1 b5 19.Bg5 bxc4 20.Qxc4 Qd7 21.Nb3 Qa4 22.Rc1 Ba6
23.Qc3 Qb5 24.Qc6 Qxb4 25.Qxa6 Qxe4 26.Qc4 Nd4 27.f3 Qf5 28.Be3 c5 29.Nd2 g5
30.h3 h5 31.Rf1 Qg6 32.Qa6 g4 33.fxg4 Rxf1+ 34.Nxf1 hxg4 35.hxg4 Kh7 36.Nd2 e4
37.Qa2 Qxg4 38.Qb1 Ne2+ 39.Kf2 Nc3 40.Qe1 Nxd5 41.Bxc5 dxc5 42.Qxe4+ Qxe4
43.Nxe4 c4 44.Ke1 Kg6 45.Kd1 Nc3+  0-1

[Event "Open"]
[Site "Stare Mesto CZE"]
[Date "2006.08.16"]
[Round "7"]
[White "Plischki,S"]
[Black "Vokac,M"]
[Result "1-0"]
[WhiteElo "2387"]
[BlackElo "2498"]

1.c4 Nf6 2.d4 g6 3.Nc3 Bg7 4.e4 d6 5.Nf3 O-O 6.Be2 e5 7.O-O Nc6 8.d5 Ne7
9.Ne1 Kh8 10.Be3 Neg8 11.Qd2 Ne8 12.c5 f5 13.f3 Ngf6 14.Rc1 f4 15.Bf2 g5
16.g4 h5 17.h3 Rf7 18.Kg2 Bf8 19.Nd3 Rh7 20.Rh1 Qe7 21.b4 Qg7 22.Nb2 Be7
23.Nc4 Nd7 24.cxd6 cxd6 25.a4 Qf8 26.a5 Bd8 27.Nb5 b6 28.axb6 axb6 29.Qb2 Kg8
30.Ra1 Rb8 31.Na7 b5 32.Nc6 bxc4 33.Nxd8 Ndf6 34.Ne6 Bxe6 35.dxe6 Rc8 36.Rac1 hxg4
37.hxg4 Rxh1 38.Kxh1 Rc7 39.Kg2 Qh6 40.e7 Rxe7 41.Bxc4+ Kg7 42.b5 Nxg4 43.fxg4 f3+
44.Kxf3 Qh3+ 45.Ke2 Qxg4+ 46.Ke1 Nf6 47.Qe2 Qg2 48.Bd3 Ng4 49.Bb6 Qh3 50.Kd2 Nh2
51.Kc2 Rf7 52.Rh1 Qc8+ 53.Kb2 Nf3 54.Qc2 Qg4 55.Be3 Qg3 56.Qf2 Qg4 57.Qe2 d5
58.Bc5 d4 59.Rf1 Qh3 60.b6 g4 61.Bc4 Rd7 62.Bd5 Nh2 63.Rc1 d3 64.Qf2 Nf3
65.b7 Rd8 66.Ba7 d2 67.Rd1 Qh8 68.Qb6 g3 69.Qc7+ Kh6 70.Be3+ Ng5 71.Rh1+ Kg6
72.Rxh8 d1=Q 73.Qc6+  1-0

[Event "FSIMA August"]
[Site "Budapest HUN"]
[Date "2006.08.17"]
[Round "13"]
[White "Woodward,T"]
[Black "Fruebing,S"]
[Result "1/2-1/2"]
[WhiteElo "2352"]
[BlackElo "2284"]

1.d4 Nf6 2.c4 g6 3.Nc3 Bg7 4.e4 d6 5.Nf3 O-O 6.Be2 e5 7.O-O Nc6 8.d5 Ne7
9.b4 a5 10.Ba3 axb4 11.Bxb4 Nd7 12.a4 Bh6 13.a5 f5 14.Nd2 Kh8 15.Qc2 Rf7
16.Bd3 Nf6 17.c5 dxc5 18.Bxc5 fxe4 19.Ndxe4 Nexd5 20.Nxd5 Nxd5 21.Qb2 Bg7
22.Bc4 c6 23.Ra3 Rf4 24.Re1 h6 25.g3 Rxe4 26.Rxe4 Rxa5 27.Rxa5  1/2-1/2

[Event "Open"]
[Site "Predeal ROM"]
[Date "2006.08.17"]
[Round "8"]
[White "Enache,D"]
[Black "Aguettaz,M"]
[Result "0-1"]
[WhiteElo "2182"]
[BlackElo "2299"]

1.d4 g6 2.c4 Nf6 3.Nf3 Bg7 4.Nc3 d6 5.e4 O-O 6.Be2 e5 7.O-O Nc6 8.d5 Ne7
9.Nd2 a5 10.a3 Nd7 11.Rb1 f5 12.b4 Kh8 13.Na4 axb4 14.axb4 Nf6 15.Nc3 Bh6
16.Qc2 Nh5 17.c5 Nf4 18.Bf3 g5 19.exf5 Nxf5 20.Be4 Nd4 21.Qd1 g4 22.Nb3 Nxb3
23.Rxb3 Qh4 24.Ne2 Bd7 25.Nxf4 exf4 26.Bb2+ Bg7 27.Bxg7+ Kxg7 28.Qd4+ Qf6
29.Qxf6+ Rxf6 30.f3 h5 31.Rc1 Bf5 32.cxd6 cxd6 33.Rc7+ Kg6 34.Rxb7 Ra1+ 35.Kf2 Ra2+
36.Kf1 Bxe4 37.fxe4 g3 38.h4 Ra1+ 39.Ke2 Rg1 40.Ra7 Rxg2+ 41.Kd3 f3 42.Ra1 f2
43.Rbb1 Rh2  0-1

[Event "Acropolis Open"]
[Site "Athens GRE"]
[Date "2006.08.20"]
[Round "8"]
[White "Citak,S"]
[Black "Klokas,K"]
[Result "1/2-1/2"]
[WhiteElo "2258"]
[BlackElo "2193"]

1.d4 Nf6 2.c4 g6 3.Nc3 Bg7 4.e4 d6 5.Nf3 O-O 6.Be2 e5 7.O-O Nc6 8.d5 Ne7
9.Nd2 a5 10.a3 Nd7 11.Rb1 f5 12.b4 Kh8 13.Nb3 axb4 14.axb4 Nf6 15.f3 f4 16.c5 g5
17.b5 b6 18.cxb6 cxb6 19.Rb2 Rg8 20.Na2 Bf8 21.h3 Nh5 22.Nb4 Ng3 23.Nc6 Nxc6
24.bxc6 h5 25.Re1 g4 26.fxg4 hxg4 27.Bxg4 Rxg4 28.hxg4 Qh4 29.Qd3 Qh1+ 30.Kf2 Qh4
31.Kg1 Qh1+ 32.Kf2 Qh4 33.Kg1  1/2-1/2

[Event "3rd Dato Arthur Tan"]
[Site "Kuala Lumpur MAS"]
[Date "2006.08.21"]
[Round "2"]
[White "Zakaria,F"]
[Black "Mohd,Z"]
[Result "1-0"]
[WhiteElo "2202"]
[BlackElo "2051"]

1.d4 Nf6 2.c4 g6 3.Nc3 Bg7 4.e4 d6 5.Be2 O-O 6.Nf3 e5 7.O-O Nc6 8.d5 Ne7
9.b4 Nh5 10.Re1 f5 11.Ng5 Nf6 12.Bf3 h6 13.Ne6 Bxe6 14.dxe6 fxe4 15.Nxe4 Nxe4
16.Bxe4 c6 17.Qg4 Rf6 18.Rd1 Qc7 19.Be3 Rd8 20.Rd3 d5 21.cxd5 cxd5 22.Rc1 Qb8
23.Rcd1 d4 24.Qh3 Kh7 25.Bg5 Rdf8 26.Bxf6 Rxf6 27.Rf3 b6 28.Rxf6 Bxf6 29.Qd3 Qd6
30.Qc4 h5 31.a3 Kh6 32.g3 Bg5 33.h4 Bf6 34.Kg2 a5 35.bxa5 bxa5 36.a4 Qa3
37.Qc1+  1-0

[Event "Independence Cup A"]
[Site "Kyiv UKR"]
[Date "2006.08.21"]
[Round "9"]
[White "Nogin,N"]
[Black "Moliboga,V"]
[Result "0-1"]
[WhiteElo "2321"]
[BlackElo "2284"]

1.d4 Nf6 2.c4 g6 3.Nc3 Bg7 4.e4 d6 5.Nf3 O-O 6.Be2 e5 7.O-O Nc6 8.d5 Ne7
9.b4 Nh5 10.Re1 a5 11.bxa5 Rxa5 12.Nd2 Nf4 13.Bf1 c5 14.dxc6 bxc6 15.Nb3 Ra8
16.a4 Ne6 17.Ba3 Nd4 18.c5 d5 19.exd5 Nxd5 20.Nxd5 Qxd5 21.Nxd4 exd4 22.Bb4 Bf5
23.Ra3 Rfb8 24.Qd2 Bh6 25.Qxh6 Rxb4 26.a5 Qxc5 27.a6 Rb2 28.Rf3 d3 29.Rfe3 d2
30.Rd1 Qc2  0-1

[Event "VII Open"]
[Site "Tarragona ESP"]
[Date "2006.08.22"]
[Round "4"]
[White "Brynell,S"]
[Black "Flores,Di"]
[Result "1/2-1/2"]
[WhiteElo "2502"]
[BlackElo "2514"]

1.d4 Nf6 2.c4 g6 3.Nc3 Bg7 4.e4 d6 5.Nf3 O-O 6.Be2 e5 7.O-O Nc6 8.d5 Ne7
9.b4 a5 10.Ba3 axb4 11.Bxb4 Nd7 12.a4 Kh8 13.a5 Ng8 14.Nd2 f5 15.Nb3 Ndf6
16.exf5 Bxf5 17.c5 Ne7 18.cxd6 cxd6 19.Nb5 Nexd5 20.Bxd6 Re8 21.Ba3 Ne4 22.Bf3 Qd7
23.Bxe4 Bxe4 24.Nd6 Nc3 25.Qd2 Bxg2 26.Qxc3 e4 27.Qc4 Bxf1 28.Nf7+ Kg8 29.Nh6+ Kh8
30.Nf7+ Kg8  1/2-1/2

[Event "VII Open"]
[Site "Tarragona ESP"]
[Date "2006.08.24"]
[Round "6"]
[White "Vilela,JL"]
[Black "Flores,Di"]
[Result "0-1"]
[WhiteElo "2355"]
[BlackElo "2514"]

1.d4 g6 2.Nf3 Bg7 3.e4 d6 4.c4 Nf6 5.Nc3 O-O 6.Be2 e5 7.O-O Nc6 8.d5 Ne7
9.b4 a5 10.bxa5 c5 11.Qc2 Rxa5 12.Nh4 Nd7 13.g3 Ra6 14.Bd3 Kh8 15.Bd2 Ng8
16.Qc1 Ndf6 17.Rb1 Ng4 18.f3 N4h6 19.Rb3 f5 20.exf5 gxf5 21.f4 e4 22.Be2 Bd4+
23.Be3 Qf6 24.a3 Qg7 25.Nb5 Bf6 26.Ng2 Ng4 27.Bxg4 Qxg4 28.Bd2 Bd8 29.Bc3+ Nf6
30.Rf2 h5 31.Ne3 Qg6 32.Rg2 Kh7 33.Bb2 Rg8 34.Qd1 Qf7 35.Qe2 h4 36.Rc3 Nh5
37.Nf1 Qg6 38.Re3 Qh6 39.Qd2 Bd7 40.Rb3 Bxb5 41.Rxb5 b6 42.Rb3 Ra4 43.Qe2 Ra7
44.Qe3 Ra6 45.Qe2 Rg6 46.Qe3 Nf6 47.Rc2 Ng4 48.Qe2 Ra8 49.Ne3 Nxe3 50.Qxe3 Bc7
51.Rg2 Rag8 52.Rc3 Qh5 53.Rc1 Bd8 54.Rf1 Qg4 55.Kh1 hxg3 56.Rxg3 Qxg3 57.hxg3 Rxg3
58.Qf2 Rh3+ 59.Qh2 Rxh2+ 60.Kxh2 Rg4 61.Bc1 Bf6 62.Rg1 Kg6 63.Rg2 Bd4 64.Kh3 Kh5
65.Rxg4 fxg4+ 66.Kg3 e3 67.a4 e2 68.Bd2 Kg6 69.a5 bxa5 70.Bxa5 Kf5 71.Bd2 Be3
72.Be1 Bxf4+ 73.Kf2 Ke4 74.Kxe2 Kd4  0-1

[Event "Lichtenberger Sommer"]
[Site "Berlin GER"]
[Date "2006.08.25"]
[Round "7"]
[White "Stern,R"]
[Black "Rolle,E"]
[Result "1-0"]
[WhiteElo "2465"]
[BlackElo "2184"]

1.d4 Nf6 2.c4 g6 3.Nc3 Bg7 4.e4 d6 5.Nf3 O-O 6.Be2 e5 7.O-O Nc6 8.d5 Ne7
9.b4 a5 10.bxa5 c5 11.a4 Nh5 12.Nd2 Nf4 13.Nb3 f5 14.f3 Kh8 15.g3 Nxe2+ 16.Qxe2 Ng8
17.Bd2 Rf7 18.Rab1 Qf8 19.g4 Bf6 20.g5 Bd8 21.Nb5 f4 22.h4 h5 23.Qh2 Ra6
24.Bc3 Qe8 25.Kg2 Kh7 26.Rh1 Bc7 27.Qg1 Bb8 28.Qf2 Ne7 29.Rbd1 Bd7 30.Nxc5 dxc5
31.Qxc5 Nc8 32.Qb4 Na7 33.Rb1 b6 34.axb6 Rxb6 35.Be1 Bd6 36.Nxd6 Rxb4 37.Rxb4 Qe7
38.Nxf7 Qxf7 39.Bf2 Bc8 40.c5 Qe7 41.Rb6 Qd7 42.c6 Qe7 43.Rhb1 Qa3 44.Rb7+ Kg8
45.Rxa7 Bh3+ 46.Kg1  1-0

[Event "II Magistral"]
[Site "Guarapari BRA"]
[Date "2006.08.30"]
[Round "3"]
[White "Cantarino,M"]
[Black "Asfora,M"]
[Result "0-1"]
[WhiteElo "2194"]
[BlackElo "2245"]

1.d4 Nf6 2.c4 g6 3.Nc3 Bg7 4.e4 d6 5.Nf3 O-O 6.Be2 e5 7.O-O Nc6 8.d5 Ne7
9.b4 Ne8 10.c5 f5 11.Nd2 Nf6 12.Bc4 Bh6 13.Qe2 Kh8 14.f3 f4 15.a4 Nh5 16.Rd1 Rg8
17.Nf1 Bf8 18.Ba3 g5 19.Qf2 Ng6 20.Be2 Nf6 21.Rac1 a6 22.b5 axb5 23.Bxb5 g4
24.Be2 g3 25.hxg3 fxg3 26.Nxg3 Nf4 27.Kf1 Bh6 28.cxd6 cxd6 29.Nb5 Ne8 30.Rc4 Nxg2
31.Qxg2 Bf4 32.Bc1 Rxg3 33.Qh1 Bh3+ 34.Ke1 Qh4  0-1

[Event "Adolfo Pedrido Mem"]
[Site "Vilagarcia de Arousa ESP"]
[Date "2006.08.31"]
[Round "7"]
[White "Dobrev,N"]
[Black "Casares Cabanas,C"]
[Result "1-0"]
[WhiteElo "2422"]
[BlackElo "2207"]

1.d4 Nf6 2.Nf3 g6 3.c4 Bg7 4.Nc3 O-O 5.e4 d6 6.Be2 e5 7.O-O Nc6 8.d5 Ne7
9.b4 Nh5 10.Re1 Kh8 11.a4 f5 12.a5 Ng8 13.c5 Nf4 14.Bc4 Nf6 15.exf5 gxf5
16.Bxf4 exf4 17.Ra3 Ng4 18.Ne2 Ne5 19.Ba2 Ng6 20.Ned4 Qf6 21.Nb5 Qd8 22.Nfd4 a6
23.Rh3 f3 24.Qxf3 Re8 25.Rxe8+ Qxe8 26.Qe3 Qxe3 27.Rxe3 axb5 28.Re8+ Bf8
29.c6 b6 30.Nxb5 bxa5 31.Nxc7 Rb8 32.b5 Kg7 33.g3 a4 34.Rxc8 Rxc8 35.Ne6+ Kf7
36.b6  1-0

[Event "3rd Open"]
[Site "Kalamaria GRE"]
[Date "2006.09.01"]
[Round "3"]
[White "Moshoutas,N"]
[Black "Gladyszev,O"]
[Result "0-1"]
[WhiteElo "2061"]
[BlackElo "2457"]

1.d4 Nf6 2.c4 g6 3.Nc3 Bg7 4.e4 d6 5.Nf3 O-O 6.Be2 e5 7.O-O Nc6 8.d5 Ne7
9.Re1 Kh8 10.b4 Nd7 11.Bb2 Ng8 12.Nd2 f5 13.Nb3 Ndf6 14.f3 h5 15.h3 Bh6 16.Bc1 Bxc1
17.Rxc1 f4 18.c5 g5 19.a4 Nh6 20.cxd6 cxd6 21.a5 g4 22.hxg4 hxg4 23.Nd2 Rf7
24.Nf1 g3 25.Bd3 Ne8 26.Ne2 Qh4 27.Nd2 Qh2+ 28.Kf1 Bh3  0-1

[Event "3rd Open"]
[Site "Kalamaria GRE"]
[Date "2006.09.03"]
[Round "6"]
[White "Gladyszev,O"]
[Black "Kanakaris,G"]
[Result "1-0"]
[WhiteElo "2457"]
[BlackElo "2119"]

1.d4 Nf6 2.c4 g6 3.Nc3 Bg7 4.e4 d6 5.Nf3 O-O 6.Be2 e5 7.O-O Nc6 8.d5 Ne7
9.Ne1 Nd7 10.Be3 f5 11.f3 h6 12.a4 g5 13.a5 a6 14.Bf2 f4 15.Nd3 Ng6 16.c5 Nf6
17.cxd6 cxd6 18.Na4 g4 19.Nb6 Rb8 20.Nxc8 Rxc8 21.Bb6 Qe7 22.Qb3 h5 23.Nc5 Rfe8
24.Ne6 Nf8 25.Nxf8 Rxf8 26.Rfc1 Qd7 27.Bf2 Bh6 28.Be1 Bg5 29.Qb6 Rfd8 30.Bd1 gxf3
31.gxf3 Kh8 32.Kh1 Qh3 33.Qg1 Rxc1 34.Rxc1 Rg8 35.Qg2 Qxg2+ 36.Kxg2 Nxe4
37.Kf1 Nc5 38.Bc2 Rc8 39.Bf5 Rf8 40.Bg6 Kg7 41.Bc2 Bd8 42.b4 Nd7 43.Bb3 Nf6
44.Rc8 e4 45.fxe4 Ng4 46.h3 Ne3+ 47.Kg1 Kh7 48.Bf2 Rg8+ 49.Kh1 Nf1 50.Bc2 Ng3+
51.Kg2 Kh6 52.Bb6 Nxe4+ 53.Kh2 f3 54.Be3+ Kg7 55.Bxe4  1-0

[Event "ch-U20 w Panamerican"]
[Site "Bogota COL"]
[Date "2006.09.04"]
[Round "2"]
[White "Han,I"]
[Black "Ortiz,Na"]
[Result "0-1"]
[WhiteElo "2096"]
[BlackElo "2245"]

1.d4 Nf6 2.c4 g6 3.Nc3 Bg7 4.e4 d6 5.Nf3 O-O 6.Be2 e5 7.O-O Nc6 8.d5 Ne7
9.b4 Nh5 10.Re1 a5 11.Ba3 b6 12.bxa5 f5 13.Nd2 Nf4 14.Bf1 fxe4 15.Ndxe4 Nf5
16.Nb5 Bd7 17.Bb4 bxa5 18.Ba3 Nh4 19.Kh1 Rf5 20.Nbc3 Rh5 21.c5 Nhxg2 22.Bxg2 Qh4  0-1

[Event "ch-U20 Panamerican"]
[Site "Bogota COL"]
[Date "2006.09.04"]
[Round "2"]
[White "Alvarez,Mig MEX"]
[Black "Pena,Alf"]
[Result "1-0"]
[WhiteElo "2073"]
[BlackElo "2292"]

1.d4 Nf6 2.c4 g6 3.Nc3 Bg7 4.e4 O-O 5.Nf3 d6 6.Be2 e5 7.O-O Nc6 8.d5 Ne7
9.b4 Nh5 10.Re1 Nf4 11.Bf1 f5 12.Bxf4 fxe4 13.Bxe5 dxe5 14.Nxe4 Bg4 15.Be2 a5
16.Nfg5 Bf5 17.Bg4 Qe8 18.Nc5 e4 19.Bxf5 Rxf5 20.Nce6 Be5 21.Rxe4 h6 22.Rxe5 Rxe5
23.Qd4 Nc6 24.dxc6 Rxe6 25.Nxe6 Qxe6 26.cxb7 Re8 27.g3 axb4 28.c5 b3 29.axb3 Qxb3
30.Qd7 Rf8 31.Qxc7  1-0

[Event "3rd Open"]
[Site "Kalamaria GRE"]
[Date "2006.09.04"]
[Round "7"]
[White "Nielsen,PH"]
[Black "Gladyszev,O"]
[Result "1-0"]
[WhiteElo "2640"]
[BlackElo "2457"]

1.d4 Nf6 2.c4 g6 3.Nc3 Bg7 4.e4 d6 5.Nf3 O-O 6.Be2 e5 7.O-O Nc6 8.d5 Ne7
9.b4 Nh5 10.Re1 f5 11.Ng5 Nf6 12.Bf3 c6 13.b5 h6 14.Ne6 Bxe6 15.dxe6 fxe4
16.Nxe4 Nxe4 17.Bxe4 d5 18.cxd5 cxd5 19.Ba3 dxe4 20.Qxd8 Rfxd8 21.Bxe7 Re8
22.Bc5 a6 23.b6 Rac8 24.Be3 Bf6 25.Rac1 Bg5 26.Bxg5 hxg5 27.Rc7 Rb8 28.e7 Kf7
29.Rxe4 Rxe7 30.Rxe5 Rxc7 31.bxc7 Rc8 32.Rc5 g4 33.g3 Ke7 34.Rc4 b5 35.Rc6 g5
36.Rxa6 Rxc7 37.a4 b4 38.Rb6 Rc1+ 39.Kg2 Rb1 40.a5 b3 41.a6 Ra1 42.Rxb3 Kf6
43.Rb6+ Kf5 44.Rc6 Ke5 45.h3 gxh3+ 46.Kxh3 Kf5 47.g4+ Ke4 48.Rf6 Rh1+ 49.Kg2 Ra1
50.f3+ Ke3 51.Re6+ Kd4 52.Rg6  1-0

[Event "ch-U20 w Panamerican"]
[Site "Bogota COL"]
[Date "2006.09.06"]
[Round "6"]
[White "Zapata,T"]
[Black "Ortiz,Na"]
[Result "0-1"]
[WhiteElo "2041"]
[BlackElo "2245"]

1.d4 Nf6 2.c4 g6 3.Nc3 Bg7 4.e4 d6 5.Be2 O-O 6.Nf3 e5 7.O-O Nc6 8.d5 Ne7
9.b4 Nh5 10.Re1 f5 11.Ng5 Nf6 12.Bf3 c6 13.Bb2 cxd5 14.cxd5 h6 15.Ne6 Bxe6
16.dxe6 fxe4 17.Nxe4 Nxe4 18.Rxe4 Rc8 19.Re2 Qb6 20.Qb3 Rf4 21.a3 Rcf8 22.Rf1 Qb5
23.Re3 Kh7 24.g3 R4f6 25.a4 Qb6 26.Bg2 h5 27.a5 Qb5 28.Rd3 Nf5 29.Be4 b6
30.Bxf5 Rxf5 31.Rxd6 Qe2 32.f4 exf4 33.Rf2 Qe1+ 34.Rf1 Qe2 35.Rf2 Qe1+ 36.Rf1 Qe3+
37.Qxe3 fxe3 38.Rxf5 e2  0-1

[Event "USCL"]
[Site "ICC INT"]
[Date "2006.09.06"]
[Round "2"]
[White "Jones,Cr"]
[Black "Lee,Micha"]
[Result "0-1"]
[WhiteElo "2200"]
[BlackElo "2125"]

1.Nf3 Nf6 2.c4 g6 3.Nc3 Bg7 4.e4 d6 5.d4 O-O 6.Be2 e5 7.O-O Nc6 8.d5 Ne7
9.Bg5 Nh5 10.Ne1 Nf4 11.Nd3 Nxe2+ 12.Qxe2 h6 13.Bxe7 Qxe7 14.b4 f5 15.c5 f4
16.f3 g5 17.a4 h5 18.c6 bxc6 19.dxc6 Be6 20.Nf2 Kh8 21.Nd5 Qf7 22.Rad1 Rg8
23.Rd3 Bh6 24.h3 Rg6 25.b5 Rag8 26.a5 g4 27.fxg4 hxg4 28.Nxg4 Bxg4 29.hxg4 Rxg4
30.Rh3 Qg6 31.Rf2 Rg3 32.Rxg3 fxg3 33.Rf5 Bg5 34.Qf3 Qh6 35.Kf1 Qh1+ 36.Ke2 Qc1
37.Rxg5 Qc2+ 38.Ke1 Qc1+ 39.Ke2 Qc2+ 40.Ke1 Qc1+ 41.Qd1 Qxg5 42.Qd2 Qh4 43.Qe2 Rf8
44.b6 axb6 45.axb6 Qh1+ 46.Kd2 Rf2 47.bxc7 Rxe2+ 48.Kxe2 Qxg2+ 49.Kd3 Qf1+
50.Ke3 Qf2+ 51.Kd3 Qf1+ 52.Ke3 Qa6 53.Kf3 Qxc6 54.Kxg3 Kg7 55.Kg4 Kf7 56.Kf5 Qc5
57.Kg5 Ke6 58.Kg4 Kd7 59.Kf5 Qxd5  0-1

[Event "FSIMA September"]
[Site "Budapest HUN"]
[Date "2006.09.07"]
[Round "6"]
[White "Citak,S"]
[Black "Strowsky,Y"]
[Result "0-1"]
[WhiteElo "2258"]
[BlackElo "2141"]

1.d4 Nf6 2.c4 g6 3.Nc3 Bg7 4.e4 d6 5.Nf3 O-O 6.Be2 e5 7.O-O Nc6 8.d5 Ne7
9.Nd2 Ne8 10.b4 f5 11.c5 Nf6 12.f3 f4 13.Nc4 g5 14.Ba3 Ne8 15.b5 Rf6 16.b6 axb6
17.cxb6 h5 18.Rb1 Rxa3 19.Nxa3 Rg6 20.Qa4 g4 21.bxc7 Nxc7 22.Qa5 g3 23.Nab5 Nexd5
24.Bc4 Qh4 25.h3 Bxh3 26.Qxc7 Be6 27.Qd8+ Qxd8 28.Bxd5 Bxd5 29.Nxd5 Qh4 30.Rfe1 Qh2+
31.Kf1 Qh1+ 32.Ke2 Qxg2+ 33.Kd3 Qxf3+ 34.Kc4 Bf8 35.Nbc7 Qf2 36.Ne8 Qd4+
37.Kb3 g2  0-1

[Event "ch-EU"]
[Site "Liverpool ENG"]
[Date "2006.09.08"]
[Round "3"]
[White "Knott,S"]
[Black "Bennett,P"]
[Result "1-0"]
[WhiteElo "2387"]
[BlackElo "2128"]

1.Nf3 Nf6 2.c4 g6 3.Nc3 Bg7 4.e4 d6 5.d4 O-O 6.Be2 e5 7.O-O Nc6 8.d5 Ne7
9.Ne1 Ne8 10.a4 f5 11.a5 Kh8 12.f3 Ng8 13.Be3 f4 14.Bf2 g5 15.g4 fxg3 16.hxg3 Bh3
17.Ng2 Rf6 18.Be3 Rg6 19.Qd2 Bh6 20.g4 Bf8 21.Kh2 Bxg2 22.Kxg2 Be7 23.Rh1 Bf6
24.a6 b6 25.Bd1 Ne7 26.Ba4 Rg7 27.Bc6 Ng6 28.Bxa8 Qxa8 29.Ne2 Nf4+ 30.Nxf4 gxf4
31.Bf2 Bg5 32.Kf1 Nf6 33.Qe2 Nd7 34.b4 Be7 35.Ke1 Qc8 36.Kd1 c5 37.b5 Qd8
38.Kc2 Nf8 39.Rh5 Bg5 40.Rah1 Ng6 41.Qf1 Qe7 42.R1h3 Kg8 43.Qh1 Kh8 44.Kd3 Kg8
45.Ke2 Kh8 46.Qh2 Kg8 47.Be1 Kh8 48.Ba5 Nf8 49.Be1 Ng6 50.Rxg5 Qxg5 51.Bh4 Nxh4
52.Rxh4 Rd7 53.Rh5 Qg6 54.Qh4 Qg7 55.Rg5 Qf8 56.Qh5 Re7 57.Rg6 Qd8 58.Qh6 Rd7
59.Kf1 Qe7 60.Kg2 Qd8 61.Kh3 Qe7 62.Re6 Qd8 63.Qf6+ Qxf6 64.Rxf6 Kg7 65.g5 Rd8
66.Kg4 Rd7 67.Kf5 Rf7 68.Ke6 Rxf6+ 69.gxf6+ Kf8 70.Kxd6  1-0

[Event "EU-chB18"]
[Site "Herceg Novi MNE"]
[Date "2006.09.12"]
[Round "3"]
[White "Lenic,L"]
[Black "Pena Gomez,M"]
[Result "1-0"]
[WhiteElo "2500"]
[BlackElo "2337"]

1.Nf3 Nf6 2.c4 g6 3.Nc3 Bg7 4.e4 d6 5.d4 O-O 6.Be2 e5 7.O-O Nc6 8.d5 Ne7
9.b4 a5 10.bxa5 c5 11.Rb1 Rxa5 12.Qb3 Ra6 13.Ne1 Nd7 14.Bg4 f5 15.Bh3 Nf6
16.f3 Nh5 17.Nd3 f4 18.Bxc8 Nxc8 19.Qxb7 Ra7 20.Qb8 Qd7 21.Rf2 g5 22.Rfb2 Rf7
23.Rb6 g4 24.Rxd6 Qxd6 25.Qxc8+ Rf8 26.Qxg4 Nf6 27.Qh3 Qd7 28.Qh4 Qe7 29.Qh3 Qd7
30.Qxd7 Nxd7 31.Rb5 Rc8 32.g3 Bf6 33.Bb2 Kf7 34.Rb3 Rg8 35.Kf2 h5 36.a3 h4
37.gxf4 exf4 38.Nb5 Bxb2 39.Rxb2 Ra4 40.e5 Ke7 41.e6 h3 42.exd7 Rg2+ 43.Kf1 Rxc4
44.Rxg2 hxg2+ 45.Kxg2 Rc2+ 46.Kh3 Kxd7 47.Ne5+ Kd8 48.Kg4 c4 49.d6 c3 50.Kxf4 Rd2
51.Nxc3  1-0

[Event "ch-EU"]
[Site "Liverpool ENG"]
[Date "2006.09.13"]
[Round "8"]
[White "Bennett,P"]
[Black "Britton,R"]
[Result "0-1"]
[WhiteElo "2128"]
[BlackElo "2288"]

1.d4 Nf6 2.Nf3 g6 3.c4 Bg7 4.Nc3 O-O 5.e4 d6 6.Be2 e5 7.O-O Nc6 8.d5 Ne7
9.Ne1 Ne8 10.Nd3 f5 11.f3 f4 12.Bd2 g5 13.g4 h5 14.h3 Rf6 15.c5 Rh6 16.b4 Ng6
17.a4 Bf8 18.Rc1 Qe7 19.Kg2 Nh4+ 20.Kf2 Qh7 21.Rh1 Nf6 22.Qc2 Nxf3 23.Bxf3 hxg4
24.hxg4 Nxg4+ 25.Bxg4 Rxh1 26.Rxh1 Qxh1 27.Bxc8 Rxc8 28.c6 Qh2+ 29.Ke1 Qg1+
30.Ke2 b6 31.Nxe5 dxe5 32.d6 Qg2+ 33.Ke1 Qh1+ 34.Kf2 Qh2+ 35.Ke1 Qh1+ 36.Kf2 Qh4+
37.Ke2 Qh5+ 38.Ke1 Bxd6 39.Nb5 Rd8 40.Nxa7 g4 41.Nb5 Qh1+ 42.Ke2 f3+  0-1

[Event "12th DDS League and Open"]
[Site "Tuzla BIH"]
[Date "2006.09.17"]
[Round "4"]
[White "Cengija,V"]
[Black "Fontan,T"]
[Result "1/2-1/2"]
[WhiteElo "2304"]
[BlackElo "2057"]

1.d4 Nf6 2.c4 g6 3.Nc3 Bg7 4.e4 d6 5.Nf3 O-O 6.Be2 e5 7.O-O Nc6 8.d5 Ne7
9.b4 Nd7 10.Nd2 f5 11.f3 a5 12.bxa5 Rxa5 13.Nb3 Ra8 14.a4 h5 15.a5 h4 16.h3 f4
17.c5 Nxc5 18.Nxc5 dxc5 19.Na4 Rxa5 20.Bd2 Ra8 21.Nxc5 Rxa1 22.Qxa1 c6 23.Bc4 Kh8
24.Rd1 cxd5 25.exd5 Nf5 26.Ne4 Ng3 27.Ba5 b6 28.Bb4 Nxe4 29.Bxf8 Qxf8 30.fxe4 Qc5+
31.Kh1 Qxc4 32.Rc1 Qa6 33.Qc3 Bd7 34.Qc7 Qa4 35.Qd8+ Kh7 36.Qxh4+ Kg8 37.Rc7 f3
38.gxf3 Qd1+ 39.Kg2 Bf6 40.Qf2 Bxh3+ 41.Kxh3 Qh1+ 42.Qh2 Qxf3+ 43.Qg3  1/2-1/2

[Event "EU-chB18"]
[Site "Herceg Novi MNE"]
[Date "2006.09.19"]
[Round "9"]
[White "Llorente Zaro,A"]
[Black "Zebisch,P"]
[Result "1-0"]
[WhiteElo "2367"]
[BlackElo "2053"]

1.d4 Nf6 2.c4 g6 3.Nc3 Bg7 4.e4 d6 5.Nf3 O-O 6.Be2 e5 7.O-O Nc6 8.d5 Ne7
9.Bg5 h6 10.Bxf6 Bxf6 11.b4 g5 12.Nd2 Ng6 13.Bg4 Be7 14.Nb3 Kg7 15.c5 Bxg4
16.Qxg4 h5 17.Qd1 Rh8 18.Rc1 g4 19.g3 Bg5 20.Rc2 Rh7 21.Qe2 Qe7 22.Na5 b6
23.cxd6 cxd6 24.Nc4 Qd7 25.a4 Ne7 26.Nb5 Rh6 27.f4 gxf3 28.Qxf3 f5 29.h4 Bf6
30.exf5 Rc8 31.Nbxd6 Qxa4 32.Rg2 Rg8 33.Rb1 Qd7 34.b5 Rh7 35.Rd1 Qc7 36.Rc2 Kh8
37.Kh1 Rhg7 38.Ne4 Nxd5 39.Ne3 Qf7 40.Nxd5  1-0

[Event "EU-chG16"]
[Site "Herceg Novi MNE"]
[Date "2006.09.19"]
[Round "9"]
[White "Sadykova,A"]
[Black "Zikeli,S"]
[Result "1-0"]
[WhiteElo "2127"]
[BlackElo "2016"]

1.d4 Nf6 2.c4 g6 3.Nc3 Bg7 4.e4 d6 5.Nf3 O-O 6.Be2 e5 7.O-O Nc6 8.d5 Ne7
9.b4 Nh5 10.Re1 Kh8 11.Be3 f5 12.Ng5 Nf4 13.Bf1 Ng8 14.Nf3 Nh6 15.exf5 Nxf5
16.Bd2 g5 17.h3 h6 18.g3 Ng6 19.Ne4 Rg8 20.Nfxg5 hxg5 21.Qh5+ Bh6 22.Bxg5 Nf4
23.gxf4 exf4 24.Kh1 Rxg5 25.Nxg5 Qxg5 26.Qe8+ Kh7 27.Bd3 Qg6 28.Re7+ Bg7
29.Rg1 Qxe8 30.Rxe8 Kh6 31.Bxf5 Bxf5 32.Rxa8 Be4+ 33.Kh2 Be5 34.Rxa7 f3+
35.Rg3 Bd4 36.Ra8 Be5 37.Rb8  1-0

[Event "X Itau Cup"]
[Site "Sao Paulo BRA"]
[Date "2006.09.25"]
[Round "4"]
[White "Leitao,R"]
[Black "Crosa,M"]
[Result "1/2-1/2"]
[WhiteElo "2598"]
[BlackElo "2405"]

1.d4 Nf6 2.c4 g6 3.Nc3 Bg7 4.e4 d6 5.Nf3 O-O 6.Be2 e5 7.O-O Nc6 8.d5 Ne7
9.b4 a5 10.Ba3 axb4 11.Bxb4 b6 12.a4 Ne8 13.Qd3 Kh8 14.Rfd1 f5 15.a5 bxa5
16.Bxa5 Ng8 17.Nd2 Ngf6 18.Bf3 Qe7 19.Bb4 Rb8 20.Nb5 Rb7 21.Ra7  1/2-1/2

[Event "15th TCh-CRO"]
[Site "Sibenik CRO"]
[Date "2006.09.25"]
[Round "4"]
[White "Jankovic,A"]
[Black "Ljubicic,F"]
[Result "1-0"]
[WhiteElo "2525"]
[BlackElo "2417"]

1.d4 Nf6 2.Nf3 g6 3.c4 d6 4.Nc3 Bg7 5.e4 O-O 6.Be2 e5 7.O-O Nc6 8.d5 Ne7
9.Ne1 Nd7 10.Nd3 f5 11.Bd2 Nf6 12.f3 c5 13.g4 Kh8 14.h4 Bd7 15.Rf2 a6 16.Rh2 fxg4
17.fxg4 Qc8 18.Nf2 Rf7 19.a4 Qc7 20.a5 b6 21.axb6 Qxb6 22.Ra3 Rb8 23.Bc1 Rbf8
24.Na2 Nfg8 25.Rg3 Rf4 26.Nc3 Qb8 27.Nd3 R4f7 28.Qe1 Nf6 29.h5 gxh5 30.g5 Ng4
31.Rxh5 Nf2 32.g6 Rf6 33.Rxh7+ Kg8 34.Qd2 Nh3+ 35.Rhxh3 Bxh3 36.Rxh3 Rxg6+
37.Kh2 Bf6 38.Bh5 Bg5 39.Qe1 Rg7 40.Bxg5 Rxg5 41.Qh4 Rg7 42.Be8 Qxe8 43.Qh8+ Kf7  1-0

[Event "X Itau Cup"]
[Site "Sao Paulo BRA"]
[Date "2006.09.27"]
[Round "6"]
[White "Leal,P BRA"]
[Black "Crosa,M"]
[Result "0-1"]
[WhiteElo "2243"]
[BlackElo "2405"]

1.d4 Nf6 2.c4 g6 3.Nc3 Bg7 4.e4 d6 5.Nf3 O-O 6.Be2 e5 7.O-O Nc6 8.d5 Ne7
9.b4 a5 10.bxa5 Rxa5 11.a4 Ne8 12.Nd2 c5 13.Nb3 Ra6 14.Bg5 f6 15.Bd2 f5 16.f3 Kh8
17.g3 Nf6 18.Bd3 Neg8 19.Rb1 Qd7 20.a5 h5 21.Bg5 Nh7 22.Bd2 f4 23.gxf4 exf4
24.e5 Bxe5 25.Kh1 Qg7 26.Ne4 Nh6 27.Rg1 Nf5 28.Qe1 g5 29.Nbxc5 dxc5 30.Nxc5 Rg6
31.Rb3 g4 32.Bc3 Bxc3 33.Qxc3 Qxc3 34.Rxc3 g3 35.Bxf5 Rxf5 36.Rb3 h4 37.a6 bxa6
38.Rb8 Rg8 39.Ne4 Ng5 40.hxg3 fxg3 41.Nxg3 hxg3 42.Rxg3 Rxf3  0-1